00287pab a2200121 454500008004000000100002800040245002500068260000900093300001000102362000900112650001000121773003400131180718b1985 xxu||||| |||| 00| 0 eng d aSodhi, Dharam Raj Singh aEthics in journalism c1985 a12-14 aJan. aPress aPress Council of India Review